Länder mit den meisten Touristen in Asien - Statistiken

Allgemein
  • Dieses Quiz wurde 193 mal gespielt
  • Das Durchschnittsergebnis liegt bei 12 aus 15
Antwortstatistiken
Platz Land Anzahl % Korrekt
1. China 62,9 Mio.
100%
4. Japan 31,2 Mio.
99%
3. Thailand 38,3 Mio.
99%
8. Indien 17,4 Mio.
98%
14. Indonesien 13,4 Mio.
98%
11. Südkorea 15,3 Mio.
93%
10. Vietnam 15,5 Mio.
90%
2. Türkei 45,8 Mio.
88%
6. Malaysia 25,8 Mio.
86%
11. Saudi-Arabien 15,3 Mio.
86%
9. Vereinigte Arabische Emirate 15,9 Mio.
85%
13. Singapur 14,7 Mio.
84%
15. Taiwan 11,1 Mio.
75%
5. Hongkong 29,3 Mio.
25%
7. Macau 18,5 Mio.
19%
Keine übereinstimmenden Quizze gefunden
Verteilung der Resultate
Anzahl Personen mit jedem Resultat
Perzentil nach korrekt beantworteten Fragen
Ihre Resultats-Entwicklung
Sie haben dieses Quiz noch nicht gespielt